Sports Quiz

Random Sports or WWE Quiz

2014 Royal Rumble Participants Quiz Stats

Quiz Updated Jan 15, 2015

Challenge
Share
Tweet
Embed
Score 0/30 Timer 07:00
11 Plays Today
Entry Number Wrestler % Correct
28Batista
85.9%
15Roman Reigns
85%
2Seth Rollins
84.3%
5Kane
83.5%
11Dean Ambrose
82.4%
1CM Punk
79%
12Dolph Ziggler
71.1%
30Rey Mysterio
69.4%
8Kofi Kingston
68.1%
17Sheamus
66.4%
18The Miz
65.9%
4Cody Rhodes
65.7%
29Big E Langston
60.8%
22Luke Harper
60.5%
10Goldust
59.7%
Entry Number Wrestler % Correct
6Alexander Rusev
59.6%
21Antonio Cesaro
58.7%
25Erick Rowan
56.9%
9Jimmy Uso
55.6%
26Ryback
55.3%
27Alberto Del Rio
55.3%
23Jey Uso
55.3%
7Jack Swagger
52.4%
3Damien Sandow
51.3%
14Kevin Nash
50.4%
13R-Truth
48.3%
24John 'Bradshaw' Layfield
43.9%
16The Great Khali
41.8%
19Fandango
39.3%
20El Torito
36.5%

You're not logged in!

Compare scores with friends on all Sporcle quizzes.
Join for Free
OR
Log In

You Might Also Like...

Show Comments

Extras

Top Quizzes Today


Score Distribution

Your Account Isn't Verified!

In order to create a playlist on Sporcle, you need to verify the email address you used during registration. Go to your Sporcle Settings to finish the process.

Report this User

Report this user for behavior that violates our Community Guidelines.

Details: